Program Marco Polo II
Program Európskej únie - Marco Polo II. Hlavný cieľ programu. Akcie, ktoré tento program obsahuje. Podmienky poskytnutia podpory z programu. Výška a doba poskytnutia podpory. Projekty z Výzvy 2008. Výzva 2009.
Salvato in:
| Autore principale: | |
|---|---|
| Natura: | Capitolo di libro |
| Lingua: | ceco |
| Soggetti: | |
| Tags: |
Nessun Tag, puoi essere il primo ad aggiungerne!!
|
MARC
| LEADER | 00000naa$a2200000$$$4500 | ||
|---|---|---|---|
| 001 | 0090111 | ||
| 005 | 20231129094954.6 | ||
| 041 | 0 | |a cze | |
| 044 | |a CZ | ||
| 245 | 1 | 0 | |a Program Marco Polo II |c Ivan Novák |
| 520 | |a Program Európskej únie - Marco Polo II. Hlavný cieľ programu. Akcie, ktoré tento program obsahuje. Podmienky poskytnutia podpory z programu. Výška a doba poskytnutia podpory. Projekty z Výzvy 2008. Výzva 2009. | ||
| 610 | 2 | 0 | |a doprava cestná nákladná |
| 610 | 2 | 0 | |a doprava železničná nákladná |
| 610 | 2 | 0 | |a doprava vodná nákladná |
| 610 | 2 | 0 | |a projekty medzinárodné |
| 610 | 2 | 0 | |a financovanie |
| 610 | 2 | 0 | |a financie |
| 610 | 2 | 0 | |a Európska únia |
| 100 | 1 | |a Novák, Ivan | |